000
00288nam a2200097Ia 4500
005
20251222114345.0
008
251222s1900||||xx |||||||||||||| ||spa||
082
_a
DVD0093/C88/2005
245
0
_a
Dairy management practices:Administración de prácticas de producción de lácteos
942
_c
DVD
999
_c
1018
_d
1018